000 00351nam a2200133Ia 4500
008 240624s9999 xx 000 0 und d
041 _aeng
082 _a302.35 HAN
100 _aHANNAN MICHAEL T
245 _aLOGICS OF ORGANIZATION THEORY AUDIENCES
260 _c2007
_aNew Jersey
_bPrinceton University Press
300 _a384 : p.
365 _c
_b25
999 _c20213
_d20213